Statistics for States with Only One Division I College

Click here to take the quiz!

General Stats

  • This quiz has been taken 21 times
  • The average score is 5 of 5

Answer Stats

Answer% Correct
Maine
100%
Wyoming
100%
Hawaii
94%
Vermont
94%
Minnesota
65%

Score Distribution

Percentile by Number Answered

Percent of People with Each Score

Your Score History

You have not taken this quiz